| 000 | 01157nmc a2200325 a 4500 | ||
|---|---|---|---|
| 003 | AR-BaBNM | ||
| 005 | 20251128211023.0 | ||
| 008 | 042020s2002 ||||||||||||||000 | spa|| | ||
| 020 | _a950-550-290-7 | ||
| 040 | _cAR-BaBNM | ||
| 100 | 1 | _aGandulfo de Granato, María Azucena | |
| 245 | 1 | 0 |
_aClub virtual Amigos de Tomás _buna nueva metodología para enseñar y aprender con las tecnologías de la información y la comunicación |
| 260 |
_aBuenos Aires _bMagisterio del Río de la Plata _c2002 |
||
| 300 | 0 |
_a188 p. _btablas, il. _e1 disquete |
|
| 490 | 0 | _aRespuestas educativas | |
| 500 | 0 | _aContiene glosario y anexo | |
| 500 | 0 | _aSolicitar el material complementario en Mediateca no. 785254 | |
| 504 | _aContiene referencias bibliográficas | ||
| 650 | 4 | _aENSENANZA DE LA INFORMATICA | |
| 650 | 4 | _aJUEGOS EDUCATIVOS | |
| 650 | 4 | _aTECNICAS DIDACTICAS | |
| 650 | 4 | _aTECNOLOGIA DE LAS COMUNICACIONES | |
| 650 | 4 | _aTECNOLOGIA DE LA INFORMACION | |
| 650 | 4 | _aACTIVIDADES EN GRUPO | |
| 653 | 0 | _aPROYECTOS DE AULA | |
| 700 | 1 | _aCotic de Miravé, Norma Susana | |
| 800 | 1 | _aStarico de Accomo, Mabel N. | |
| 942 | _cBK | ||
| 998 | _craquel | ||
| 999 |
_c17924 _d17924 |
||